| 000 | 01413nam2a22002771 4500 | ||
|---|---|---|---|
| 001 | rc\4125396 | ||
| 005 | 20250611002006.0 | ||
| 021 |
_aRU _b[59-163] |
||
| 035 | _a(NLR Aleph) 007983023 | ||
| 090 |
_a8531583 _c8531583 |
||
| 100 | _a20130415d1958 |||y0rusy50 ca | ||
| 101 | 1 |
_arus _cukr |
|
| 102 | _aRU | ||
| 105 | _ay z |||a| | ||
| 200 | 1 |
_aПоэмы _e[Пер. с укр. _fПод общ. ред. А.И. Белецкого и др.] _g[Ред. М.Ф. Рыльский, Б.А. Турганов _gПримеч. Б. Турганова _gВступ. статья А. Белецкого, с. 5-46] |
|
| 210 |
_d1958 _aБ. м. |
||
| 215 |
_a567 с. _d21 |
||
| 461 | 0 |
_1001rc\4125388 _12001#$aСочинения$eВ 10 т.$e[Пер. с укр.$fВступ. статья М. Пархоменко, с. VII-XLVII]. Т. 1-$vТ. 8 _1700#1$aФранко$bИ.Я.$f1856-1916$gИван Яковлевич _98531535 _aФранко, И.Я. (1856-1916) _cМосква _d1956 _fВступ. статья М. Пархоменко, с. VII-XLVII]. Т. 1- _nГослитиздат _oВ 10 т. : [Пер. с укр. _tСочинения _vТ. 8 |
|
| 702 | 1 |
_aТурганов _bБ.А. _4340 |
|
| 702 | 1 |
_aРыльский _bМ.Ф. _4340 |
|
| 702 | 1 |
_aБелецкий _bА.И. _gАлександр Иванович _4340 _4080 |
|
| 801 | 0 |
_aRU _bNLR _gpsbo |
|
| 801 | 1 |
_aRU _bELAR _2rusmarc |
|
| 852 |
_aNLR _jЛ40 Г-3/1853 |
||
| 942 | _cBOOK | ||
| 980 | _aNB | ||